Discursos leídos en la primera sesión inaugural de la Sociedad Ginecológica Española, verificada el domingo 14 de junio de 1874 / (Record no. 165493)

MARC details
000 -LEADER
campo de control de longitud fija 01287nam a2200241 i 4500
001 - NÚMERO DE CONTROL
campo de control 165493
003 - IDENTIFICADOR DE NÚMERO DE CONTROL
campo de control ES-MaACL
005 - FECHA Y HORA DE LA ÚLTIMA TRANSACCIÓN
campo de control 20250717094527.0
008 - DATOS DE LONGITUD FIJA--INFORMACIÓN GENERAL
campo de control de longitud fija 931025s1874 sp |||| | spa d
245 00 - MENCIÓN DEL TÍTULO
Título Discursos leídos en la primera sesión inaugural de la Sociedad Ginecológica Española, verificada el domingo 14 de junio de 1874 /
Mención de responsabilidad, etc. por el doctor Don Ángel Pulido Fernández, secretario general, y el doctor Don Francisco Alonso Rubio, presidente de la misma.
260 ## - PUBLICACIÓN, DISTRIBUCIÓN, ETC.
Lugar de publicación, distribución, etc. Madrid :
Nombre del editor, distribuidor, etc. Sociedad Ginecológica Española,
Fecha de publicación, distribución, etc. 1874 (
Fabricante Imp., Estereotipia y Galvanoplastia de Aribau y Compañía)
300 ## - DESCRIPCIÓN FÍSICA
Extensión 33 p. ;
Dimensiones 25 cm.
530 ## - NOTA DISPONIBLE DE FORMULARIO FÍSICO ADICIONAL
Nota de formato físico adicional disponible Disponible en formato digital.
610 24 - PUNTO DE ACCESO ADICIONAL DE MATERIA--NOMBRE DE ENTIDAD CORPORATIVA
Nombre de entidad corporativa o nombre de jurisdicción como elemento de entrada Sociedad Ginecológica Española.
9 (RLIN) 6779
650 #7 - PUNTO DE ACCESO ADICIONAL DE MATERIA--TÉRMINO DE MATERIA
Término de materia o nombre geográfico como elemento de entrada Obstetricia
Fuente del encabezamiento o término embne
9 (RLIN) 15676
650 #4 - PUNTO DE ACCESO ADICIONAL DE MATERIA--TÉRMINO DE MATERIA
Término de materia o nombre geográfico como elemento de entrada Ginecología.
9 (RLIN) 13119
700 1# - ENTRADA AGREGADA--NOMBRE PERSONAL
Nombre de persona Pulido, Ángel,
Fechas asociadas al nombre 1852-1932
9 (RLIN) 149324
700 1# - ENTRADA AGREGADA--NOMBRE PERSONAL
Nombre de persona Alonso y Rubio, Francisco.
9 (RLIN) 20432
710 2# - ENTRADA AGREGADA--NOMBRE DE ENTIDAD CORPORATIVA
Nombre de entidad corporativa o nombre de jurisdicción como elemento de entrada Sociedad Ginecológica Española.
9 (RLIN) 6779
852 4# - LOCALIZACIÓN
Ubicación ES-MaACL
Número de control de estantería T-682-F-9
Nota libre - Enc. hol., conservando la enc. original
-- - Enc. en un vol. facticio
-- - Donación a la Biblioteca de los Escolares Médicos por el socio A. del Río
856 4# - LOCALIZACIÓN Y ACCESO ELECTRÓNICOS
Identificador Uniforme de Recursos <a href="http://bdh-rd.bne.es/viewer.vm?id=0000109247&page=1 ">http://bdh-rd.bne.es/viewer.vm?id=0000109247&page=1 </a>
Nota pública Biblioteca Digital Hispánica
Holdings
Estatus retirado Estado de pérdida Estado de daño No para préstamo Colección Biblioteca de origen Biblioteca actual Ubicación en estantería Fecha de adquisición Total de préstamos Signatura topográfica completa Código de barras Visto por última vez Precio de reemplazo Tipo de ítem Koha
        Colección de folletos Biblioteca del Ateneo de Madrid Biblioteca del Ateneo de Madrid Depósito folletos 17/01/2008   T-682-F-9 1173548 23/02/2023 23/02/2023 Folleto